Numbers in Pictures - TWO - Statistics

General Stats
  • This quiz has been taken 33 times
  • The average score is 11 of 15
Answer Stats
Picture Hint Answer % Correct
Saying Two {Peas} in a Pod
100%
Poker hand Two of a {Kind}
97%
Book A Tale of Two {Cities}
94%
Saying It Takes Two to {Tango}
94%
Bingo Call (22) Two Little {Ducks}
91%
Music Hall Song {Bicycle} Made For Two
84%
Rapper 2{Pac}
81%
Request {Table} for Two
78%
Bingo Call (88) Two Fat {Ladies}
72%
Song (Rolf Harris) Two Little {Boys}
72%
NY Neighborhood Two {Bridges}
50%
Song (Spin Doctors) Two {Princes}
47%
Song (Frankie Goes to Hollywood) Two {Tribes}
44%
Soccer Phrase Game of Two {Halves}
41%
Engine Two {Stroke}
31%
No matching quizzes found
Score Distribution
Percent of People with Each Score
Percentile by Number Answered
Your Score History
You have not taken this quiz